South Carolina State Symbols Quiz - Statistics

General Stats
  • This quiz has been taken 79 times
  • The average score is 5 of 19
Answer Stats
Hint Answer % Correct
State Tree Sabal Palm
97%
State Nickname The Palmetto State
90%
State Dance The Shag
45%
State Bird Carolina Wren
41%
State Fruit Peach
36%
State Beverage Milk
30%
State Fish Striped Bass (Rockfish)
29%
State Flower Yellow Jessamine
29%
State Dog Boykin Spaniel
21%
State Animal White Tailed Deer
18%
State Duck Summer Duck (Wood Duck)
16%
State Motto Dum spiro spero
15%
State Handcraft Sweetgrass Basket
15%
State Gemstone Amethyst
12%
State Butterfly Eastern Tiger Swallowtail
12%
State Amphibian Spotted Salamander
12%
State Insect Carolina Mantid
8%
State Horse Marsh Tacky
7%
State Grass Indian Grass
5%
No matching quizzes found
Score Distribution
Percent of People with Each Score
Percentile by Number Answered
Your Score History
You have not taken this quiz